[Event "Recife Regiao op"]
[Site "Recife"]
[Date "2014.11.02"]
[Round "7"]
[White "De Souza Neto, Hilton Vilarim"]
[Black "Monteiro Neto, Cesidio Rocha"]
[Result "1-0"]
[WhiteElo "1921"]
[BlackElo "2051"]
[PlyCount "133"]
[EventDate "2014.10.30"]
[EventType "swiss"]
[EventRounds "7"]
[EventCountry "BRA"]
[SourceTitle "EXT 2015"]
[Source "ChessBase"]
[SourceDate "2014.11.20"]
[SourceVersion "1"]
[SourceVersionDate "2014.11.20"]
[SourceQuality "1"]

1. c4 g6 2. Nf3 Bg7 3. d4 c5 4. d5 d6 5. Nc3 Nf6 6. e4 0-0 7. Bd3 Na6 8. 0-0 Nc7 9. h3 a6 10. Re1 Nd7 11. Bf4 Rb8 12. a4 b6 13. Qd2 Ne5 14. Nxe5 Bxe5 15. Bxe5 dxe5 16. Rad1 Qd6 17. Qe3 Bd7 18. Qe2 Qf6 19. Qe3 a5 20. Bf1 Ne8 21. b3 Nd6 22. Rd2 Qg7 23. Bd3 g5 24. Qg3 h5 25. h4 g4 26. Nd1 Qh6 27. Rde2 f6 28. Ne3 Kf7 29. Rf1 Rg8 30. Qh2 Rg7 31. g3 Rf8 32. Ra1 Ke8 33. Qg2 Kd8 34. Rae1 Rgf7 35. Rf1 Kc7 36. f4 gxf3 37. Rxf3 Rg8 38. Kh2 Rfg7 39. Ref2 Qh7 40. Rf1 f5 41. Nxf5 Bxf5 42. Rxf5 Nxf5 43. Rxf5 Qh6 44. Rf3 Qc1 45. Be2 Rg4 46. Kh3 Qc2 47. Re3 Qc1 48. Rd3 Qe1 49. Bxg4 Rxg4 50. Qf3 Rxe4 51. Rd1 Qe3 52. d6+ exd6 53. Qf7+ Kb8 54. Qe8+ Kb7 55. Qd7+ Ka6 56. Qc8+ Ka7 57. Qc7+ Ka6 58. Rxd6 Rxh4+ 59. Kxh4 Qe4+ 60. Kg5 Qe3+ 61. Kf6 Qh6+ 62. Ke7 Qg7+ 63. Kd8 Qf8+ 64. Kd7 Qf7+ 65. Kc8 Qf8+ 66. Rd8 Qf5+ 67. Kb8 1-0

[Event "Recife Regiao op"]
[Site "Recife"]
[Date "2014.10.31"]
[Round "3"]
[White "Monteiro Neto, Cesidio Rocha"]
[Black "Vital, Pablo Manoel Santan"]
[Result "1-0"]
[WhiteElo "2051"]
[BlackElo "1683"]
[PlyCount "69"]
[EventDate "2014.10.30"]
[EventType "swiss"]
[EventRounds "7"]
[EventCountry "BRA"]
[SourceTitle "EXT 2015"]
[Source "ChessBase"]
[SourceDate "2014.11.20"]
[SourceVersion "1"]
[SourceVersionDate "2014.11.20"]
[SourceQuality "1"]

1. e4 e6 2. d4 d5 3. Nd2 Nc6 4. Ngf3 Nf6 5. Bd3 Nb4 6. Qe2 Nxd3+ 7. Qxd3 c5 8. e5 Nd7 9. c3 f6 10. 0-0 c4 11. Qe2 f5 12. Re1 Be7 13. Nf1 g5 14. Nxg5 Nf8 15. Qh5+ Kd7 16. Ng3 Rg8 17. Nh3 Kc7 18. Qf3 Ng6 19. Nf4 Nh4 20. Qd1 Ng6 21. b3 b5 22. bxc4 bxc4 23. Qa4 Nxf4 24. Bxf4 Rg4 25. Ne2 Qg8 26. g3 h5 27. Qa5+ Kd7 28. Rab1 Bg5 29. Qb5+ Kd8 30. Bxg5+ Qxg5 31. Qc6 h4 32. Qxa8 Re4 33. Rb8 Rxe2 34. Rxc8+ Kd7 35. Qb7# 1-0

[Event "BRA-ch sf 78th"]
[Site "Belem"]
[Date "2011.11.02"]
[Round "8.8"]
[White "Correia, Max do Carmo"]
[Black "Monteiro Neto, Cesidio Rocha"]
[Result "1/2-1/2"]
[WhiteElo "1970"]
[BlackElo "2064"]
[PlyCount "108"]
[EventDate "2011.10.29"]
[EventType "swiss"]
[EventRounds "8"]
[EventCountry "BRA"]
[SourceTitle "EXT 2022"]
[Source "ChessBase"]
[SourceDate "2021.10.06"]
[SourceVersion "1"]
[SourceVersionDate "2021.10.06"]
[SourceQuality "1"]

1. e4 c5 2. Nf3 g6 3. d4 cxd4 4. Nxd4 Nc6 5. Be3 Nf6 6. Nc3 Bg7 7. f3 0-0 8. Qd2 d5 9. Nxc6 bxc6 10. e5 Nd7 11. f4 e6 12. Be2 c5 13. Bf2 Rb8 14. Na4 Qc7 15. 0-0 f6 16. exf6 Bxf6 17. c3 Bg7 18. Bg3 Qc6 19. b3 Nf6 20. Bf3 Ba6 21. Rfe1 Rbe8 22. Rad1 c4 23. Qe3 Bb5 24. Nc5 cxb3 25. axb3 Rf7 26. c4 Ba6 27. Nxa6 Qxa6 28. c5 Qb5 29. Bh4 Bf8 30. Rc1 Nd7 31. Bf2 Nf6 32. g4 Rc7 33. Kg2 Ne4 34. Bxe4 dxe4 35. Qxe4 Qxb3 36. f5 gxf5 37. gxf5 Rg7+ 38. Kh1 exf5 39. Qxf5 Rxe1+ 40. Rxe1 Qb7+ 41. Qe4 Qxe4+ 42. Rxe4 Rc7 43. Rc4 Rc6 44. Kg2 Kf7 45. Kf3 Ke6 46. Ke4 Be7 47. Rc2 Bd8 48. Kd4 Kd7 49. Kd5 a5 50. Rb2 Rh6 51. Bg3 Rh5+ 52. Kc4 Kc6 53. Bd6 Rh4+ 54. Kd3 a4 1/2-1/2

[Event "Baiano-ch final"]
[Site "Salvador"]
[Date "2011.10.07"]
[Round "3"]
[White "Baptista, Igor Lucas"]
[Black "Monteiro Neto, Cesidio Rocha"]
[Result "1-0"]
[WhiteElo "1897"]
[BlackElo "2064"]
[PlyCount "61"]
[EventDate "2011.10.07"]
[EventType "swiss"]
[EventRounds "7"]
[EventCountry "BRA"]
[SourceTitle "EXT 2022"]
[Source "ChessBase"]
[SourceDate "2021.10.06"]
[SourceVersion "1"]
[SourceVersionDate "2021.10.06"]
[SourceQuality "1"]

1. e4 c5 2. Nc3 g6 3. f4 Nc6 4. Nf3 Bg7 5. Bc4 Na5 6. Be2 d6 7. 0-0 Nc6 8. Bc4 e6 9. d3 Nh6 10. f5 gxf5 11. Bg5 Qb6 12. h3 Na5 13. Bb5+ Bd7 14. Bxd7+ Kxd7 15. Qc1 Ng8 16. exf5 h6 17. fxe6+ fxe6 18. Bh4 Rf8 19. Rb1 Ne7 20. Bxe7 Kxe7 21. Nh4 Rxf1+ 22. Qxf1 Bd4+ 23. Kh1 Rg8 24. Re1 Be5 25. Nf5+ Ke8 26. Nxh6 Rf8 27. Qe2 Qxb2 28. Ne4 Qd4 29. Ng4 Nc6 30. c3 Qd5 31. Ne3 1-0

[Event "Baiano-ch final"]
[Site "Salvador"]
[Date "2011.10.07"]
[Round "2"]
[White "Monteiro Neto, Cesidio Rocha"]
[Black "Palomino, Alexandre Cardoso D"]
[Result "1-0"]
[WhiteElo "2064"]
[BlackElo "1785"]
[PlyCount "53"]
[EventDate "2011.10.07"]
[EventType "swiss"]
[EventRounds "7"]
[EventCountry "BRA"]
[SourceTitle "EXT 2022"]
[Source "ChessBase"]
[SourceDate "2021.10.06"]
[SourceVersion "1"]
[SourceVersionDate "2021.10.06"]
[SourceQuality "1"]

1. f4 d5 2. Nf3 Nf6 3. g3 Bf5 4. Bg2 c6 5. b3 Nbd7 6. a4 Qb6 7. e3 e6 8. a5 Qc7 9. Bb2 Bd6 10. h3 h6 11. d3 e5 12. 0-0 exf4 13. exf4 0-0-0 14. a6 b6 15. Nd4 Bc5 16. Kh1 Bxd4 17. Bxd4 c5 18. Bb2 Rhe8 19. Nc3 Qc6 20. g4 Bh7 21. g5 Ne4 22. dxe4 dxe4 23. Qe2 Bf5 24. Rad1 hxg5 25. Nb5 Qe6 26. Rd6 Qe7 27. Nxa7+ 1-0

[Event "Baiano-ch sf Regiao Leste"]
[Site "Salvador"]
[Date "2010.09.04"]
[Round "2.4"]
[White "Souza, Jailson"]
[Black "Monteiro Neto, Cesidio Rocha"]
[Result "1/2-1/2"]
[WhiteElo "1863"]
[BlackElo "2072"]
[PlyCount "166"]
[EventDate "2010.09.03"]
[EventType "swiss"]
[EventRounds "7"]
[EventCountry "BRA"]
[SourceTitle "EXT 2022"]
[Source "ChessBase"]
[SourceDate "2021.10.06"]
[SourceVersion "1"]
[SourceVersionDate "2021.10.06"]
[SourceQuality "1"]

1. e4 c5 2. Nf3 g6 3. c4 Nc6 4. d4 cxd4 5. Nxd4 Nf6 6. Nc3 Nxd4 7. Qxd4 d6 8. Be2 Bg7 9. Qd3 0-0 10. 0-0 Be6 11. Bg5 Nd7 12. Nd5 Bxd5 13. Qxd5 Nf6 14. Qxb7 Rb8 15. Qxa7 Rxb2 16. Bf3 h6 17. Be3 Qd7 18. Qxd7 Nxd7 19. Rab1 Rxa2 20. Rb7 Ne5 21. c5 Rc8 22. cxd6 exd6 23. Bd1 Ra3 24. Bb3 g5 25. Bc1 Raa8 26. Bd5 Rab8 27. Ba3 Rxb7 28. Bxb7 Rb8 29. Bd5 Rb6 30. g3 g4 31. Kg2 Nf3 32. h3 h5 33. hxg4 hxg4 34. Rh1 Be5 35. Bc1 Bc3 36. Be3 Rb2 37. Rc1 Bd2 38. Bxd2 Rxd2 39. Bb3 Ne5 40. Rd1 Rb2 41. Ba4 Re2 42. Rxd6 Rxe4 43. Bc2 Re1 44. Bf5 Kg7 45. Rd4 Kf6 46. Bxg4 Nxg4 47. Rxg4 Ra1 48. Rf4+ Kg6 49. g4 Ra3 50. Rf3 Ra4 51. Kg3 f6 52. Rc3 Ra1 53. Rc8 Kg7 54. Rc6 Rb1 55. Kf3 Rb3+ 56. Kf4 Rb4+ 57. Kg3 Rb1 58. Rc7+ Kg6 59. f4 Rg1+ 60. Kf3 Rf1+ 61. Ke3 Rg1 62. f5+ Kh6 63. Kf3 Ra1 64. Rf7 Ra6 65. Kg3 Rb6 66. Kh4 Ra6 67. Rf8 Kg7 68. Re8 Ra1 69. Re7+ Kh6 70. Rf7 Ra6 71. Rxf6+ Rxf6 72. g5+ Kg7 73. gxf6+ Kxf6 74. Kg4 Kf7 75. Kg5 Kg7 76. f6+ Kf7 77. Kf5 Kf8 78. Kg6 Kg8 79. Kg5 Kf7 80. Kf5 Kf8 81. Ke6 Ke8 82. Kd6 Kf7 83. Ke5 Kf8 1/2-1/2

[Event "Salvador Bahia Sergipe"]
[Site "Salvador"]
[Date "2010.08.01"]
[Round "6.4"]
[White "Azevedo, Edmundo Roberto Ram"]
[Black "Monteiro Neto, Cesidio Rocha"]
[Result "1-0"]
[WhiteElo "2125"]
[BlackElo "2079"]
[PlyCount "39"]
[EventDate "2010.07.30"]
[EventType "swiss"]
[EventRounds "6"]
[EventCountry "BRA"]
[SourceTitle "EXT 2022"]
[Source "ChessBase"]
[SourceDate "2021.10.06"]
[SourceVersion "1"]
[SourceVersionDate "2021.10.06"]
[SourceQuality "1"]

1. d4 Nf6 2. Nf3 b6 3. Bf4 Bb7 4. e3 e6 5. Bd3 c5 6. c3 Ne4 7. 0-0 f5 8. Nbd2 Be7 9. Ne5 0-0 10. Nxe4 fxe4 11. Be2 d6 12. Nc4 cxd4 13. cxd4 Na6 14. a3 Nc7 15. Nd2 Nd5 16. Bg3 Nf6 17. Qb3 Bd5 18. Qc2 Rc8 19. Qb1 b5 20. Bf4 1-0

[Event "Fortaleza op"]
[Site "Fortaleza"]
[Date "2010.06.05"]
[Round "5"]
[White "Monteiro Neto, Cesidio Rocha"]
[Black "Macedo, Maximo Iack Miranda"]
[Result "0-1"]
[WhiteElo "2080"]
[BlackElo "2354"]
[PlyCount "128"]
[EventDate "2010.06.03"]
[EventType "swiss"]
[EventRounds "7"]
[EventCountry "BRA"]
[SourceTitle "CBM 136 Extra"]
[Source "ChessBase"]
[SourceDate "2010.07.02"]
[SourceVersion "2"]
[SourceVersionDate "2010.07.15"]
[SourceQuality "1"]

1. e4 e5 2. Nf3 Nc6 3. d4 exd4 4. Bc4 Nf6 5. e5 d5 6. Bb5 Nd7 7. 0-0 Be7 8. Bxc6 bxc6 9. e6 fxe6 10. Nxd4 Nb8 11. Re1 0-0 12. Nxe6 Bxe6 13. Rxe6 Bc5 14. Re2 Nd7 15. Be3 Bxe3 16. fxe3 Nf6 17. Nc3 Qd6 18. Rd2 Rab8 19. Rb1 Rb4 20. Rd4 Rfb8 21. Rxb4 Rxb4 22. h3 Qg3 23. Qf3 Qg6 24. Qf2 Qe8 25. Qe1 Qe5 26. Qf2 Rb8 27. Qf4 Re8 28. Qxe5 Rxe5 29. Kf2 Kf7 30. b4 Ke7 31. Rb3 Ne4+ 32. Nxe4 Rxe4 33. c3 c5 34. bxc5 Ra4 35. a3 Kd7 36. Ke2 Kc6 37. Kd3 Kxc5 38. Rb7 Kc6 39. Rb4 Rxa3 40. Rg4 g6 41. Rh4 h5 42. Rf4 Ra6 43. g4 hxg4 44. hxg4 Kc5 45. g5 Rb6 46. Rf7 Rc6 47. Rf2 Re6 48. Rf7 Kd6 49. Rf4 Ke5 50. Rf7 Rc6 51. Rf8 a5 52. Rf4 Ra6 53. c4 a4 54. Rf2 a3 55. Ra2 dxc4+ 56. Kxc4 Ke4 57. Kc3 Kxe3 58. Kb3 Kd3 59. Ra1 a2 60. Kb2 Kd2 61. Kb3 Rb6+ 62. Ka3 Ra6+ 63. Kb3 Ra5 64. Rh1 a1Q 0-1

[Event "Fortaleza op"]
[Site "Fortaleza"]
[Date "2010.06.04"]
[Round "3"]
[White "Monteiro Neto, Cesidio Rocha"]
[Black "Reis, Paulo F Jatoba"]
[Result "0-1"]
[WhiteElo "2080"]
[BlackElo "2335"]
[PlyCount "74"]
[EventDate "2010.06.03"]
[EventType "swiss"]
[EventRounds "7"]
[EventCountry "BRA"]
[SourceTitle "CBM 136 Extra"]
[Source "ChessBase"]
[SourceDate "2010.07.02"]
[SourceVersion "2"]
[SourceVersionDate "2010.07.15"]
[SourceQuality "1"]

1. f4 d5 2. Nf3 g6 3. g3 Bg7 4. Bg2 c6 5. 0-0 Qb6+ 6. d4 Nh6 7. Nc3 Nf5 8. e3 h5 9. Na4 Qc7 10. Nc5 h4 11. g4 h3 12. Bh1 Nh4 13. Ng5 Ng2 14. Bxg2 hxg2 15. Kxg2 b6 16. Nd3 f6 17. Nh3 c5 18. c3 Nd7 19. Nhf2 e5 20. Nh1 Ba6 21. Re1 0-0-0 22. b4 cxd4 23. Bb2 e4 24. b5 Bb7 25. cxd4 exd3 26. Rc1 Nc5 27. dxc5 bxc5 28. Bd4 c4 29. Nf2 f5 30. Nxd3 Bxd4 31. exd4 Qh7 32. Rh1 Qh3+ 33. Kf2 fxg4 34. Ne5 Qh4+ 35. Ke3 Rde8 36. Kd2 Qf2+ 37. Kc3 Rh3+ 0-1